Evaluación de programas sociales

Bewaard in:
Bibliografische gegevens
Hoofdauteur: Briones, Guillermo (Auteur)
Formaat: Boek
Taal:Spaans
Gepubliceerd in: Ciudad de México Trillas 1991
Onderwerpen:
Tags: Voeg label toe
Geen labels, Wees de eerste die dit record labelt!

MARC

LEADER 00000nam a2200000 a 4500
001 UCW7216
003 CL-VaPUC
008 920929e19910000MX |||||||||||||||||spa|d
082 0 4 |a 300.72  |b BRI  |2 21 
100 0 |a Briones, Guillermo  |e author  |9 312386 
245 1 0 |a Evaluación de programas sociales 
300 |a 266 p 
942 |c BK 
945 |d 19920929 00:00:00 
260 |a Ciudad de México  |b Trillas  |c 1991 
650 0 |a Ciencias sociales  |v Investigación  |9 307767 
650 7 |a PROGRAMAS DE ACCION SOCIAL  |2 CL-VaPUC  |9 307815 
583 |a last modification  |c 20160928 09:25:35  |k Rodrigo Vera 
999 |c 220065  |d 220063 
952 |0 0  |1 0  |4 0  |6 300_720000000000000_BRI_1991  |7 0  |8 P  |9 211810  |a BIBGIM  |b BIBGIM  |d 2019-11-15  |i 2799502  |o 300.72 BRI 1991  |p 2799502  |r 2025-01-15  |w 2019-11-15  |y BK  |k SSL 
952 |0 0  |1 0  |4 0  |6 300_720000000000000_BRI_1991  |7 0  |8 P  |9 211811  |a BIBGIM  |b BIBGIM  |d 2019-11-15  |i 2799510  |o 300.72 BRI 1991  |p 2799510  |r 2025-01-15  |w 2019-11-15  |y BK  |k SSL 
952 |0 0  |1 0  |4 0  |6 300_720000000000000_BRI_1991  |7 0  |8 A  |9 211812  |a BIBEDU  |b BIBEDU  |d 2019-11-15  |i 2799529  |l 1  |o 300.72 BRI 1991  |p 2799529  |r 2025-03-28  |s 2025-03-21  |w 2019-11-15  |y BK  |k EDU